[Event "Pamplona 9798 8th"]
[Site "Pamplona ESP"]
[Date "1997.12.28"]
[EventDate "1997.12.28"]
[Round "1"]
[Result "1-0"]
[White "Christopher Lutz"]
[Black "Arizmendi Martinez, Julen Luis"]
[WhiteElo "2590"]
[BlackElo "2470"]
[PlyCount "80"]

1. e4 e6 2. d4 d5 3. Nc3 Bb4 4. e5 c5 5. a3 Bxc3+ 6. bxc3 Ne7 7. Qg4 Kf8 8. Bd2  Qc7 9. Bd3 Bd7 10. a4 c4 11. Be2 Qb6 12. Bc1 Qa5 13. Kd2 Bxa4 14. Ba3 Nbc6 15.  Nf3 Kg8 16. h4 b5 17. Bc5 Rb8 18. h5 h6 19. Ra2 Kh7 20. Rha1 Rhf8 21. Nh4 Qd8  22. f4 Qd7 23. Rf1 f5 24. Qh3 Rf7 25. g4 fxg4 26. Bxg4 Nf5 27. Nxf5 exf5 28.  Bf3 Rd8 29. Re1 Qe6 30. Rg1 Ne7 31. Bxa7 Re8 32. Qg2 Qd7 33. Bb6 Qe6 34. Bc5  Rd8 35. Bb4 Rd7 36. Raa1 Rd8 37. Qh3 Rd7 38. Rg3 Rd8 39. Rag1 Kh8 40. Qg2 1-0